The business tax return handbook

Bibliographic Details
Main Author: Zuckerman, Jack
Format: eBook
Language:English
Published: Chicago: American Bar Association, 2015
Subjects:
Online Access:Acceso restringido

MARC

LEADER 00000nam a22000007a 4500
005 20210225214420.0
007 cr|||| ||||
008 210225s2015 us |||||s|||| 00||0 eng d
020 |a 978-1-63425-012-2 
035 |a 31362 
040 |a vLex 
090 |c 11282  |d 11282 
100 1 |a Zuckerman, Jack 
245 1 3 |a The business tax return handbook  |h [Recurso electrn̤ico] /  |c Jack Zuckerman 
256 |a Servicio en ln̕ea 
260 |a Chicago:  |b American Bar Association,  |c 2015 
300 |a 1 recurso electrn̤ico 
506 1 |a Disponible solo en los productos indicados  |d vLex Global  |d vLex Global (Academic Edition, excluding Law Schools)  |d vLex Global (Academic Edition, Law Schools) 
650 0 4 |a Derecho Tributario  |z Estados Unidos 
740 0 |a vLex Libros (Servicio en ln̕ea) 
856 4 0 |u http://vlex.com/source/business-tax-return-handbook-31362  |z Acceso restringido 
942 |c BOOK 
999 0 |a Tax Law